1746 1146 1057 1617 1264 1008 1307 1631 1442 1084 1236 1379 1718 1808 1609 1656 1882 1559 1535 1904 1542 1878 1870 1755 1418 1969 1303 1491 1429 1034 1255 1392 1492 1076 1126 1827 1891 1517 1212 1072 1111 1284 1389 1436 1074 1855 1160 1468 1197 1680 1523 1993 1209 1173 1781 1052 1287 1306 1113 1493 1212 1518 1595 1025 1529 1116 1210 1465 1619 1842 1885 1291 1231 1847 1340 1531 1688 1926 1034 1074 1656 1615 1300 1286 1719 1318 1022 1774 1207 1597 1960 1101 1177 1929 1978 1775 1194 1499 1470 BCNSPRNW ULIB Ver.6.0+V

เปลี่ยนเป็นภาษาไทย

Change to English
 แสดงรายละเอียดบรรณานุกรม
  กลับหน้าหลัก

Brief Record : Get Marc (ISO 2709) : E-mail record : QR code < ปิดหน้าต่าง
LEADER : 00000nam 2200000uu 4500
001    13399128450
003     ULIB
008    230829s2565||||th 000 0 tha d
020    ^a9786165868310
060 04 ^aWY160^bพ646ก
100 0  ^aพิชามญชุ์ อินทะพุฒ
245 10 ^aการดูแลญาติผู้ดูแลผู้ที่เป็นโรคจิตเภท : ความท้าทายสำหรับพยาบาลจิตเวช =^bCaring for family caregivers of persons withschizophrenia : the challenge for psychiatric nurse /^cพิชามญชุ์ อินทะพุฒ
246 31 ^aCaring for family caregivers of persons with schizophrenia: the challenge for psychiatric nurse
250    ^aพิมพ์ครั้งที่ 2
260    ^aเชียงใหม่ :^bวนิดาการพิมพ์,^c2565
300    ^a246 หน้า :^bภาพประกอบ ;^c26 ซม.
650  4 ^aการพยาบาลจิตเวชศาสตร์
650  4 ^aผู้ป่วยจิตเภท^xการดูแล
710 2  ^aมหาวิทยาลัยบูรพา.^bคณะพยาบาลศาสตร์
945    ^p320^l0^i29652
945    ^p320^l0^i29653
999    ^aกัณชพร จุลอักษร
รายการนี้ยังไม่มีแท็ก
คุณยังไม่ได้ล็อกอิน คุณสามารถมีกิจกรรมร่วมกับเว็บไซต์ได้ แต่ต้องล็อกอินก่อน ::
  ล็อกอิน

รายการสื่อสารสนเทศ

ลำดับที่ ประเภท เลขเรียก/บาร์โค้ด สถานที่ สถานะ
1. หนังสือสำรอง
หนังสือสำรอง
WY160 พ646ก ฉ.1 
  Barcode: 29652
ห้องสมุดวิทยาเขตนครสวรรค์
►หนังสือทั่วไป:l:General Books
บนชั้น
2. วิทยาศาสตร์การแพทย์ และสุขภาพ
วิทยาศาสตร์การแพทย์ และสุขภาพ
WY160 พ646ก ฉ.2 
  Barcode: 29653
ห้องสมุดวิทยาเขตนครสวรรค์
►หนังสือทั่วไป:l:General Books
บนชั้น

รายการใกล้เคียง
    ผู้แต่ง [พิชามญชุ์ อินทะพุฒ]

    หัวเรื่อง [การพยาบาลจิตเวชศาสตร์]

BibComment


ยังไม่เคยถูกคอมเมนท์

คอมเมนท์ทรัพยากรรายการนี้
  คอมเมนท์: การดูแลญาติผู้ดู..


 Copyright 2026. Bcnsprnw @Library